MKDD Mushroom Bridge Glitch Flap WR History - Statistics

General Stats
  • This quiz has been taken 2 times
  • The average score is 7 of 15
Answer Stats
Time Player % Correct
iMathII
100%
4"413 Cameron S
50%
24"307 Goomba
50%
17"296 Goomba
50%
16"774 Goomba
50%
4"583 Goomba
50%
4"570 Goomba
50%
4"493 Goomba
50%
4"468 Goomba
50%
4"418 Goomba
50%
4"573 j98
50%
4"547 j98
50%
4"412 VeeEnvy
50%
16"421 Lothjon
0%
4"508 sn1989
0%
No matching quizzes found
Score Distribution
Percent of People with Each Score
Percentile by Number Answered
Your Score History
You have not taken this quiz